00397nam a2200109Ia 4500008004100000020001800041100003800059245009800097260002700195650002200222856004300244171212s9999 xx 000 0 und d a9780833042163 aCrane, Keith;Larrabee, F. Stephen cCrane, Keith;Larrabee, F. StephenaEncouraging Trade and Foreign Direct Investment in Ukraine bRAND Corporationc2007 aPolitical Science uwww.jstor.org/stable/10.7249/mg673ceis